Bienvenue à la Médiathèque de Saint-Andiol
banniere
Accueil Recherche avancée Mon compte
handi1 Rechercher dans le catalogue

Filtre   Mots-clés
  Recherche avancée
 
Lister les dernières nouveautés
 
Lister les livres GROS CARACTERES
 
Lister les périodiques (magazines)

handi1 Coeur cerise

Book Cover
Auteur principal : Véronique Grisseaux
Autres auteurs : Raymond Sébastien Anna Merli Cathy Cassidy
Titre : Coeur cerise
Support : Livres
Langue : Francais
Series : Les Filles au chocolat
Genre : Bande Dessinée (enfants)
Sujets :
Étiquettes :
Pas de tags
LEADER 01436nam0a2200241 450
001 16868301
010 |a 978-2-8222-3163-3  |b cart.  |d 4,95 € 
100 |a 20200220d2020 u u0frey01 ba 
101 0 |a fre 
102 |a FR 
200 0 |a Coeur cerise  |f adaptation BD Véronique Grisseaux  |g dessin Raymond Sébastien, Anna Merli - d'après le roman de Cathy Cassidy 
205 |a Nouvelle édition 
207 1 |a   
215 |a 1 vol. (46 p.)  |c illustrations en couleur  |d 31 x 23 cm 
330 |a Cherry Costello, 13 ans, et son père Paddy s’installent chez Charlotte, sa nouvelle compagne, dans une grande maison près de l’océan dans le Sud de l’Angleterre. Charlotte a déjà 4 filles : Coco, 11 ans, Summer et Skye, les jumelles de 12 ans et Honey, 14 ans. Cherry qui rêvait depuis longtemps d’avoir une grande famille, est heureuse et terrifiée à la fois ! Toute la nouvelle famille va participer à la création d’une fabrique artisanale de chocolats.Mais la cohabitation ne va pas être aussi idyllique que ça…Cherry craque pour Shay, le petit ami d’Honey… 
461 0 |t Les Filles au chocolat  |v 01 
700 0 |a Grisseaux  |b Véronique  |f 1959-....  |4 70 
701 0 |a Sébastien  |b Raymond  |4 440 
701 0 |a Merli  |b Anna  |4 440 
701 0 |a Cassidy  |b Cathy  |4 100 
900 |a Bande Dessinée (enfants) 
901 |a Jeunesse 
995 |a Médiathèque  |c Médiathèque  |f 00156009390873  |h 00156009390873  |k BD FIL  |o p  |q j  |r az  |e Médiathèque